000 00755nam a22002417a 4500
001 00028765
005 20260414141835.0
008 260414b ag ||||| |||| 00| 0 spa d
020 _a9789870709381
040 _aAR-CcCEOS
_bspa
_cAR-CcCEOS
041 _aspa
080 _a950
090 _bCOL t.10
100 _aPABLO COLAZO
_91038
245 _aHistoria Ilustrada para los chicos de hoy :
_bTomo 10 : Grandes viajes y descubrimientos /
_cPablo Colazo
250 _a1ยช ed.
264 _aBuenos Aires :
_bAguilar :
_c2010.
300 _av. 10, 48 p. ;
_c27x23 cm.
490 _vHistoria Ilustrada para los chicos de hoy - Genios ; tomo 10
650 0 _ahistoria
_990
655 0 _aliteratura infantil y juvenil
_978
942 _2udc
_cBK
_n0
999 _c28800
_d28800